000 00326nam a22001457a 4500
008 230719b ||||| |||| 00| 0 eng d
020 _a9780070455031
041 _aeng
080 _a53
082 _a53McG
100 _a20
101 _aFIZIK
245 _aSOLID-STATE PHYSICS SOURCE BOOK
_cMcGRAW-HILL
942 _2udc
_cBK
999 _c60181
_d60181